000 01014nam1a22002891 4500
001 rc\4444131
005 20130416160933.7
035 _a(NLR Aleph) 008582769
090 _a8595535
_c8595535
100 _a20130416g19631964|||y0rusy50 ca
101 1 _arus
_cger
102 _aRU
105 _a z |||||
200 1 _aСудовые котлы
_fПер. с нем. Б.А. Цветкова
_gПод общ. ред. А.Е. Хавкина. Т. 1-3
210 _aЛенинград
_cСудпромгиз
_d1963-1964
215 _a3 т.
_d25
300 _aДоп. тит. л.: Schiffskessel. Von Kurt Illies. Bd. 1-3
320 _aБиблиогр. в конце разделов
606 _aСудовые котлы
_xКонструкция и расчет
_2psbo
700 1 _aИллиес
_bК.
_gКурт
702 1 _aХавкин
_bА.
_gА.Е
_4340
702 1 _aЦветков
_bБ. А.
_4730
801 0 _aRU
_bNLR
_gpsbo
801 1 _aRU
_bELAR
_2rusmarc
852 _aNLR
_j63-7/2937
942 _cBOOK
980 _aNB